Music Quiz

Random Music Quiz
Score 0/13 Timer 10:00
0 Plays Today
Hint Answer % Correct
I really love you baby LOVE GUN
79.2%
she walks by moonlight she
70.8%
this is my music it makes me proud crazy nights
66.7%
I Gotta tell you what im feeling inside Forever
66.7%
feel my heat take it to far burn with me heavens on fire
66.7%
you like the fame and the do you love me
66.7%
Youve got something about you god of thunder
66.7%
Tonight I wanna give it I was made for lovin you
58.3%
tommy looked for johnny with a vengance and a gun hide your heart
54.2%
I JUST cant pretend no more shandi
50%
out on the street for a living BLACK DIMOND
37.5%
well we work all day and we ugh all night
16.7%
sorry for taking so long must of been a 100,00 YEARS
12.5%
Remove Ads.
Support Sporcle.
Get the best of Sporcle when you Go Orange. This ad-free experience offers more features, more stats, and more fun while also helping to support Sporcle. Thank you for becoming a member.

You're not logged in!

Compare scores with friends on all Sporcle quizzes.
OR
Log In

Show Comments

Extras

Created Sep 24, 2013ReportNominate
Tags:kiss

Top Quizzes Today


Score Distribution

Your Account Isn't Verified!

In order to create a playlist on Sporcle, you need to verify the email address you used during registration. Go to your Sporcle Settings to finish the process.

Report this User

Report this user for behavior that violates our Community Guidelines.

Details: